| 000 | 00000nam 2200000zi 4500 |
| 001 | 9.952939 |
| 003 | CaOODSP |
| 005 | 20250707131345 |
| 006 | m o d f |
| 007 | cr mn||||||||| |
| 008 | 250707s1929 onc ob f000 0 eng d |
| 040 | |aCaOODSP|beng|erda|cCaOODSP |
| 086 | 1 |aFs52-3/39E-PDF |
| 100 | 1 |aBennie, Alice, |eauthor. |
| 245 | 14|aThe psychrophilic flora of haddock slime and feces / |cauthor Alice Bennie. |
| 246 | 16|aPsychrophilic flora of haddock slime and feces : |breport of work done at the Biological Station, St. Andrews, N.B. during the summer of 1929 |
| 264 | 1|a[Ottawa] : |bBiological Board of Canada, |c[1929] |
| 300 | |a1 online resource (14 pages). |
| 336 | |atext|btxt|2rdacontent |
| 337 | |acomputer|bc|2rdamedia |
| 338 | |aonline resource|bcr|2rdacarrier |
| 490 | 1 |aManuscript reports of the biological stations ; |vno. 39 |
| 500 | |aCover title. |
| 500 | |aDigitized edition from print [produced by Department of Fisheries and Oceans]. |
| 504 | |aIncludes bibliographical references (pages 13-14). |
| 520 | |a"The ability of organisms, isolated from fish, to grow at low temperatures has been noted by various authors. In this investigation an attempt has been made to determine the nature of this 'psychrophilic' flora in the haddock. The practical importance of the subject lies in the presence of proteolytic forms"--Page [1]. |
| 650 | 0|aHaddock|xMicrobiology. |
| 650 | 0|aPsychrophilic bacteria. |
| 650 | 0|aProteolytic enzymes. |
| 650 | 6|aÉglefin|xMicrobiologie. |
| 650 | 6|aBactéries psychrophiles. |
| 650 | 6|aEnzymes protéolytiques. |
| 710 | 2 |aBiological Board of Canada, |eissuing body. |
| 830 | #0|aManuscript reports of the biological stations ;|vno. 39.|w(CaOODSP)9.899091 |
| 856 | 40|qPDF|s5.88 MB|uhttps://publications.gc.ca/collections/collection_2025/mpo-dfo/fs52-3/Fs52-3-39-eng.pdf |